00314 a2200097 4500001001000000005001700010008004100027245006200068100001900130773006700149ART_1271320260410161909.0260409a 10aImport prices and stagflation in the industrial countries1 aBruno, Michael0 tThe Economic Journalg- Vol. 90, NÂș 359 (set. 1980)wREV12512